| 000 | 00669nam a2200277Ia 4500 | ||
|---|---|---|---|
| 008 | 160319s9999 xx 000 0 und d | ||
| 020 | _a0-545038189 | ||
| 050 | _aFic | ||
| 050 | _b.B889p 2007 | ||
| 100 | _aBruel, Nick | ||
| 245 | _aPoor Puppy / | ||
| 245 | _cNick Bruel | ||
| 260 | _aNew Milford, Conn. : | ||
| 260 | _bRoaring Brook Press, | ||
| 260 | _c2007 | ||
| 300 | _bcolor illustrations ; | ||
| 300 | _c29 cm. | ||
| 650 | _aAlphabet -- | ||
| 650 | _aAlphabet books -- | ||
| 650 | _aCats -- | ||
| 650 | _aDogs -- | ||
| 650 | _xFiction. | ||
| 650 | _xJuvenile fiction. | ||
| 650 | _xJuvenile fiction. | ||
| 650 | _xJuvenile fiction. | ||
| 999 |
_c292032 _d292032 |
||